00614nam a2200181 a 4500008004100000020001500041050001600056100001900072245009000091246008600181260002800267300002100295350000900316650003300325650001400358700002000372710004000392120416s1979 ||||||||||||||||| || u a0333217055 aHG 3821 Int aMartin, John P10aTrade and payments adjustment under flexible exchange ratescedited by John P. Martin apapers of the second annual conference of the International Economics Study Group aLondonbMacmillanc1979 axix, 250p. : ill a0.00 aFOREIGN EXCHANGE--CONGRESSES 0aECONOMICS aSmith, Alasdair aInternational Economics Study Group